000 00535nam a2200181 i 4500
001 16893
003 ES-MaACL
005 20230906151421.0
007 t|
008 001120q19601969fr ||||1| spa d
080 _a37 Key, Hellen
100 1 _aValenti Camp, Santiago.
_9112598
245 1 0 _aHellen Key o la libertad de amar /
_cSantiago Valenti Camp.
260 _a[Toulouse] :
_bCenit,
_c[196-?]
300 _a48 p. ;
_c22 cm.
600 1 4 _aKey, Hellen-
_xPensamiento pedagógico.
_967972
852 _aES-MaACL
_j2157-F-2
_bR.126902
999 _c16893
_d16893